| 000 | 01181cam a2200385 i 4500 | ||
|---|---|---|---|
| 001 | 0000807 | ||
| 003 | DO-SdBPM | ||
| 005 | 20260316104604.0 | ||
| 007 | ta | ||
| 008 | 100514s 2008 mx a | |||| 000 f spa | ||
| 015 | _a | ||
| 017 |
_a _b |
||
| 020 | _a9789681915247 | ||
| 035 | _a | ||
| 040 |
_aBPMSU _bspa _cBPMSU _e |
||
| 080 | _a | ||
| 082 | 0 | 4 |
_aA863.6 _b W223z 2008 _222 |
| 100 | 1 |
_aWalsh, María Elena _d1930- _eautora _4aut. |
|
| 245 | 1 | 0 |
_aZoo loco / _cMaría Elena Walsh ; ilustraciones Silvia Jacoboni _h |
| 250 | _a | ||
| 264 |
_aMéxico : _bSantillana ediciones generales, _c2008. |
||
| 300 |
_a65 páginas : _bilustración, _c19 m |
||
| 336 |
_atexto _btxt _2rdacontent |
||
| 337 |
_asin meidación _bn _2rdamedia |
||
| 338 |
_avolumen _bn _2rdacarrier |
||
| 490 | 0 |
_aAlfaguara infantil ; _aAmarilla |
|
| 500 | _aIncluye datos biográficos de la autora. | ||
| 521 | _aA partir de los 6 años. | ||
| 590 | _aInventariado, 2026/VM | ||
| 650 | 7 | _aCuentos infantiles argentinos | |
| 650 | 7 | _aLibros ilustrados para niños | |
| 700 | 1 |
_aJacoboni, Silvia _eilustración |
|
| 910 | _aVMateo V. Control de calidad. BPMSU | ||
| 942 |
_2ddc _cBK |
||
| 999 |
_c11913 _d11913 |
||